| 000 | 00870nam a2200289 i 4500 | ||
|---|---|---|---|
| 999 |
_c200442734 _d60946 |
||
| 001 | 200442734 | ||
| 003 | TR-AnTOB | ||
| 005 | 20220620093954.0 | ||
| 007 | ta | ||
| 008 | 210810b tu a 000 0 tur d | ||
| 035 | _a(TR-AnTOB)200442734 | ||
| 040 |
_aTR-AnTOB _beng _erda _cTR-AnTOB |
||
| 041 | 0 | _atur | |
| 050 | 4 |
_aHD5715 _b.E45 |
|
| 090 |
_aHD5715 _b.E45 |
||
| 245 | 1 | 0 | _aEğitici usta el kitabı. |
| 264 | 1 |
_aAnkara : _bMEKSA Vakfı Yayınları, _c[date of publication not identified] |
|
| 300 |
_a156 pages : _billustrations ; _c20 cm |
||
| 336 |
_atext _btxt _2rdacontent |
||
| 337 |
_aunmediated _bn _2rdamedia |
||
| 338 |
_avolume _bnc _2rdacarrier |
||
| 490 | 0 |
_aMEKSA Vakfı yayınları ; _vno.: 1 . |
|
| 650 | 7 |
_aUğraşı eğitimi _vEl kitapları vb. _2etuturkob _9131981 |
|
| 942 |
_2lcc _cBK |
||